Central Library OPAC University of Rajshahi

Applied geochemistry in the 1980s : (Record no. 11162)

MARC details
000 -LEADER
fixed length control field 01216cam a2200301 a 4500
001 - CONTROL NUMBER
control field 11162
003 - CONTROL NUMBER IDENTIFIER
rucl marc code BD-RjUL
005 - DATE AND TIME OF LATEST TRANSACTION
control field 20211208235100.0
008 - FIXED-LENGTH DATA ELEMENTS--GENERAL INFORMATION
fixed length control field 140126s1986 nyuaf b 100 0 eng
020 ## - INTERNATIONAL STANDARD BOOK NUMBER
International Standard Book Number 0470203234
035 ## - SYSTEM CONTROL NUMBER
System control number (BD-RjUL)11211
040 ## - CATALOGING SOURCE
Original cataloging agency DLC
Transcribing agency DLC
Modifying agency DLC
-- BD-RjUL
Language of cataloging eng
041 ## - LANGUAGE CODE
Language code of text/sound track or separate title eng
082 00 - DEWEY DECIMAL CLASSIFICATION NUMBER
Classification number 622.13
Edition number 19
Author mark and year APP 1986
245 00 - TITLE STATEMENT
Title Applied geochemistry in the 1980s :
Remainder of title Proceedings of a meeting to honour the contribution of professor John S. Webb to applied geochemistry, hels on 29 April 1983 at Imperial College, London /
Statement of responsibility, etc. edited by Iain Thornton and Richard J. Howarth, with assistance from David S. Cronan, Martin Hale, Michael Thompson.
260 ## - PUBLICATION, DISTRIBUTION, ETC. (IMPRINT)
Place of publication, distribution, etc. New York :
Name of publisher, distributor, etc. Wiley,
Date of publication, distribution, etc. 1986.
300 ## - PHYSICAL DESCRIPTION
Pagination xiii, 347 p., [1] leaf of plates :
Illustrations ill. (some col.) ;
Size 24 cm.
500 ## - GENERAL NOTE
General note "A Halsted Press book."
504 ## - BIBLIOGRAPHY, ETC. NOTE
Bibliography, etc Includes bibliographies.
650 #0 - SUBJECT ADDED ENTRY--TOPICAL TERM
Topical term or geographic name as entry element Geochemical prospecting
General subdivision Congresses.
9 (RLIN) 34528
Topical term or geographic name as entry element Analytical geochemistry
General subdivision Congresses.
9 (RLIN) 34529
700 1# - ADDED ENTRY--PERSONAL NAME
Personal name Webb, John S.
Fuller form of name (John Stuart)
Personal name Thornton, Iain.
Personal name Howarth, Richard J.
Fuller form of name (Richard John)
942 ## - ADDED ENTRY ELEMENTS (KOHA)
Source of classification or shelving scheme Dewey Decimal Classification
Koha item type Books
Holdings
Lost status Source of classification or shelving scheme Damaged status Not for loan Permanent Location Current Location Shelving location Date acquired Source of acquisition Total Checkouts Full call number Date last seen Copy number Koha item type
  Dewey Decimal Classification   Not For Loan Central Library, University of Rajshahi Central Library, University of Rajshahi Reading Room 01/06/1991 Asia Foundation.   622.13 APP 1986 26/01/2014 C-1 Books